header

Fine chemicals (Record no. 247131)

MARC details
000 -LEADER
fixed length control field 01137nam a2200313Ia 4500
082 04 - DEWEY DECIMAL CLASSIFICATION NUMBER
Classification number 660
100 1# - MAIN ENTRY--AUTHOR NAME
Personal name Pollak, Peter,
245 10 - TITLE STATEMENT
Title Fine chemicals
250 ## - EDITION STATEMENT
Edition statement 2nd ed.
260 ## - PUBLICATION, DISTRIBUTION, ETC. (IMPRINT)
Place of publication Hoboken, NJ :
Name of publisher J. Wiley & Sons,
Year of publication c2011.
300 ## - PHYSICAL DESCRIPTION
Number of Pages xv, 280 p. :
Other physical details ill.
500 ## - GENERAL NOTE
General note Includes index.
650 #0 - SUBJECT ADDED ENTRY--TOPICAL TERM
Topical Term Chemicals.
Topical Term Chemical engineering.
Topical Term Chemical industry.
856 40 - ELECTRONIC LOCATION AND ACCESS
Uniform Resource Identifier http://site.ebrary.com/lib/rucke/Doc?id=10446705

No items available.

© 2026 Rongo University
Contact us: librarian | system librarian | Rongo university